000 00230nam a2200109Ia 4500
942 _cBK
245 _aBasic Electrical and Electronics Engineering (2012-2013)
260 _b#N/A
300 _a143
546 _aENGLISH
999 _c20625
_d20625